| 000 | 01036nac a22002895i 4500 | ||
|---|---|---|---|
| 999 |
_c5902 _d5902 |
||
| 003 | EG-ScBUE | ||
| 005 | 20191229103110.0 | ||
| 008 | 100822s1990 ua r f b00 000 0 ara d | ||
| 020 | _a9770508953 | ||
| 040 |
_aEG-ScBUE _bara _erda _cEG-ScBUE _dEG-ScBUE |
||
| 082 | 0 | 4 |
_a492.7158 _bأ ن ي _222 |
| 100 | 1 |
_aأنيس ، إبراهيم، _eمؤلف. _915858 |
|
| 245 | 1 | 2 |
_aالأصوات اللغوية / _cتأليف الدكتور إبراهيم أنيس. |
| 264 | 1 |
_aالقاهرة : _bمكتبة الأنجلو المصرية، _c1990. |
|
| 300 |
_a278 صفحة ؛ _c24 سم |
||
| 336 |
_2rdacontent _aنص _btxt |
||
| 337 |
_2rdamedia _aبدون وسيط _bn |
||
| 338 |
_2rdacarrier _aمجلد _bnc |
||
| 504 | _aيشتمل على إرجاعات ببليوجرافية. | ||
| 541 |
_aالف باء _cشراء |
||
| 590 | _aريهام | ||
| 650 | 7 |
_aاللغة العربية _xأصوات. _2BUEsh _921686 |
|
| 651 | _2BUEsh | ||
| 653 |
_bGGEN _cDecember2019 |
||
| 655 | _vReading book | ||
| 942 |
_cBB _k492.7158 أ ن ي _2ddc |
||